| 000 | 00413nam a2200181Ia 4500 | ||
|---|---|---|---|
| 008 | 170918s9999 xx 000 0 und d | ||
| 020 | _a439418232 | ||
| 050 | _bR331 1998 | ||
| 100 | _aReeve, Kirk | ||
| 245 | _aLolo & red-legs / | ||
| 245 | _cby Kirk Reeve. | ||
| 260 | _aNew York : | ||
| 260 | _bScholastic, | ||
| 260 | _c1998 | ||
| 300 | _a111 pages : | ||
| 300 | _billustrations ; | ||
| 300 | _c19cm. | ||
| 999 |
_c343911 _d343911 |
||